000
00337nam a2200157Ia 4500
100
_a
Weiss/Sholom M/ Indurkhya N
942
_c
RB
366
_f
20
654
_a
data mining
245
_a
Predictive Data mining
260
_b
Morgan kaufmann pub
_c
1998
082
_a
5.74
_b
WEI
300
_a
228
546
_a
ENGLISH
999
_c
23891
_d
23891